The North's residential offer (Record no. 106211)
[ view plain ]
| 000 -LEADER | |
|---|---|
| fixed length control field | 01327cam a2200229 4500 |
| 001 - CONTROL NUMBER | |
| control field | ##L135808 |
| 008 - FIXED-LENGTH DATA ELEMENTS--GENERAL INFORMATION | |
| fixed length control field | 061212n2006 000 0 eng u |
| 035 ## - SYSTEM CONTROL NUMBER | |
| System control number | (Sirsi) u135808 |
| 041 0# - LANGUAGE CODE | |
| Language code of text/sound track or separate title | eng |
| 050 04 - LIBRARY OF CONGRESS CALL NUMBER | |
| Classification number | 333.33 $2 18 |
| 110 2# - MAIN ENTRY--CORPORATE NAME | |
| Corporate name or jurisdiction name as entry element | Ove Arup and Partners |
| 245 04 - TITLE STATEMENT | |
| Title | The North's residential offer |
| Remainder of title | policy and investment review |
| -- | phase I report |
| 260 ## - PUBLICATION, DISTRIBUTION, ETC. | |
| Place of publication, distribution, etc. | London |
| Name of publisher, distributor, etc. | Arup |
| Place of publication, distribution, etc. | London |
| Name of publisher, distributor, etc. | Innovacion |
| Date of publication, distribution, etc. | 2006 |
| 520 ## - SUMMARY, ETC. | |
| Summary, etc. | Running parallel to Llewelyn Davies Yeang's report "Quality of place" (L135726), this research looks at the existing policy and investment framework that impact on the North's residential offer. The phase I report reveals that there are a number of barriers to overcome to achieve quality of place, and sets out 16 recommendations which cover the changed role of housing, skills and culture change, policy and research, and funding, powers and delivery. Phase II will be more forward looking and develop the recommendations from phase I into practical suggestion for change. |
| 590 ## - LOCAL NOTE (RLIN) | |
| Local note | KA |
| 651 #4 - SUBJECT ADDED ENTRY--GEOGRAPHIC NAME | |
| Geographic name | NORTHERN ENGLAND |
| 690 ## - LOCAL SUBJECT ADDED ENTRY--TOPICAL TERM (OCLC, RLIN) | |
| Topical term or geographic name as entry element | Residential property |
| 9 (RLIN) | 6266 |
| 710 2# - ADDED ENTRY--CORPORATE NAME | |
| Corporate name or jurisdiction name as entry element | Innovacion |
| 9 (RLIN) | 5086 |
| 710 2# - ADDED ENTRY--CORPORATE NAME | |
| Corporate name or jurisdiction name as entry element | Northern Way Sustainable Communities Team |
| 9 (RLIN) | 5087 |
| 856 40 - ELECTRONIC LOCATION AND ACCESS | |
| Uniform Resource Identifier | <a href="https://www.thenorthernway.co.uk/page.asp?id=207">https://www.thenorthernway.co.uk/page.asp?id=207</a> |
| Public note | View the report free of charge at www.thenorthernway.co.uk... |
| 942 ## - ADDED ENTRY ELEMENTS (KOHA) | |
| Suppress in OPAC | 0 |
| Withdrawn status | Lost status | Source of classification or shelving scheme | Damaged status | Not for loan | Home library | Current library | Shelving location | Date acquired | Total Checkouts | Full call number | Barcode | Date last seen | Copy number | Price effective from | Koha item type |
|---|---|---|---|---|---|---|---|---|---|---|---|---|---|---|---|
| Dewey Decimal Classification | Virtual | Virtual | Online | 12/12/2006 | ONLINE PUBLICATION | 135808-2001 | 06/08/2019 | 1 | 06/08/2019 | Book |